书目信息 |
| 题名: |
读者传奇
|
|
| 作者: | 师永刚 著 | |
| 分册: | ||
| 出版信息: | 北京 中国社会科学出版社 2004 |
|
| 页数: | 14,300页 | |
| 开本: | 23cm | |
| 丛书名: | ||
| 单 册: | ||
| 中图分类: | G239.29 | |
| 科图分类: | ||
| 主题词: | 杂志社--出版工作--甘肃省 , 杂志社 , 出版工作 , 出版工作 | |
| 电子资源: | ||
| ISBN: | 7-5004-4048-0 | |
| 000 | 01086nam0 2200301 450 | |
| 001 | 1160766289 | |
| 005 | 20111005165403.29 | |
| 010 | @a7-5004-4048-0@dCNY38.00 | |
| 100 | @a20040726d2004 em y0chiy50 ea | |
| 101 | 0 | @achi |
| 102 | @aCN@b110000 | |
| 105 | @aa z 000yd | |
| 200 | 1 | @a读者传奇@Adu zhe chuan qi@e一本与时代互动的杂志@e1981~2004@f师永刚著 |
| 210 | @a北京@c中国社会科学出版社@d2004 | |
| 215 | @a14,300页@c照片,图@d23cm | |
| 300 | @a著名作家贾平凹、余秋雨联手作序推荐独家收录《读者》杂志创刊以来最具影响力的十篇文章与数百幅精彩插图 | |
| 305 | @a《读者》杂志授权传记 本书所引述文章与图片均由《读者》杂志社提供 | |
| 330 | @a本书分为《读者》传说、我们尝试了什么以及公民《读者》三卷共17章。叙述了如何经历风雨成为发行量近千万、出版四个版本、年收入超过亿元杂志的传奇史。 | |
| 605 | @a读者@x研究 | |
| 605 | @a读者 | |
| 606 | 0 | @a杂志社@x出版工作@y甘肃省 |
| 606 | 0 | @a杂志社 |
| 606 | 0 | @a出版工作 |
| 606 | 0 | @a出版工作 |
| 690 | @aG239.29@v4 | |
| 701 | 0 | @a师永刚@Ashi yong gang@f(197?~)@4著 |
| 801 | 0 | @aCN@bNLC@c20101222 |
| 905 | @a10447@dG239.29@eJY54 | |
| 读者传奇:一本与时代互动的杂志:1981~2004/师永刚著.-北京:中国社会科学出版社,2004 |
| 14,300页:照片,图;23cm |
| 著名作家贾平凹、余秋雨联手作序推荐独家收录《读者》杂志创刊以来最具影响力的十篇文章与数百幅精彩插图 |
| ISBN 7-5004-4048-0:CNY38.00 |
| 本书分为《读者》传说、我们尝试了什么以及公民《读者》三卷共17章。叙述了如何经历风雨成为发行量近千万、出版四个版本、年收入超过亿元杂志的传奇史。 |
| ● |
| 相关链接 |
|
|
|
|
正题名:读者传奇
索取号:G239.29/JY54
 
预约/预借
| 序号 | 登录号 | 条形码 | 馆藏地/架位号 | 状态 | 备注 |
| 1 | 7814693 | 278146935 | 学院路分馆/ [索取号:G239.29/JY54] | 在馆 | |
| 2 | 7814694 | 278146944 | 学院路分馆/ [索取号:G239.29/JY54] | 在馆 | |
| 3 | 7814695 | 278146953 | 学院路分馆/ [索取号:G239.29/JY54] | 在馆 | |
| 4 | 7814696 | 278146962 | 学院路分馆/ [索取号:G239.29/JY54] | 在馆 |